000 01008nam a22002177a 4500
999 _c57375
_d57375
003 Ge_BSU
005 20200615123745.0
008 200611s2018ge xxu||||| |||| 00| 0 geo d
020 _a9789941477256
041 _ageo
080 _a616.314-094(075.8) შ-73
100 _aშიშნიაშვილი, თამარ.
_98363
245 _aსტომატოლოგიურ დაავადებათა პროფილაქტიკა :
_bსახელმძღვანელო სტომატ. ფაკ. სტუდ-თვის /
_cთამარ შიშნიაშვილი.
264 _aთბილისი,
_c2018.
300 _a302 გვ.:
_c20 სმ.
504 _aბიბლიოგრაფ.გვ: 297-299
653 _aსტომატოლოგიურ დაავადებათა პროფილაქტიკა.
653 _aსტომატოლოგია
653 _aმედიცინა
942 _2udc
_cBK